Mixed Word: Let's Get Some Shoes Quiz Stats

 Plays Quiz Updated Mar 14, 2012

Support Sporcle.
Go Orange.
Score 0/19 Timer 02:00
0 Plays Today
Hint Answer % Correct
EELHHeel
98.9%
PFIL-PFOLFlip-Flop
94.8%
TOBOBoot
94.6%
MPPUPump
90.6%
LTFAFlat
88.6%
RNAEEKSSneaker
86%
DAASNLSandal
84.8%
LGOSCClogs
70.9%
NTENSI EHOSTennis Shoe
68.8%
PESILPRSlipper
66.1%
Hint Answer % Correct
HHGIPOTHightop
62%
AERFLOLoafer
49.2%
NCACOMISMoccasin
46.1%
SHGAOLGalosh
45.1%
KKMULUMukluk
34.8%
FXDROOOxford
33.9%
RWEADWader
30.8%
MFOPLTARPlatform
21.4%
RLCOHPODPEClodhopper
20.8%

You're not logged in!

Compare scores with friends on all Sporcle quizzes.
OR
Log In
Forgot?

From the Vault

Disney Folk (Letter D)

by Flick

Sorry, we got distracted by a squirrel.
Remove Ads.
Support Sporcle.
Get the best of Sporcle when you Go Orange. This ad-free experience offers more features, more stats, and more fun while also helping to support Sporcle. Thank you for becoming a member.

Show Comments

Extras

Top Quizzes Today


Score Distribution

Your Account Isn't Verified!

In order to create a playlist on Sporcle, you need to verify the email address you used during registration. Go to your Sporcle Settings to finish the process.

Report this User

Report this user for behavior that violates our Community Guidelines.

Details: